00998nam a2200181Ia 450000500170000000800410001702000180005805000230007624501140009925000180021326000400023130000250027150001100029650502880040665000450069465000330073970000440077220231102151127.0120626s2010 mx fr 000 0 spa d a978607448052804aBF76.7bM3518 201010aManual de publicaciones de la American Psychological Associationc / traducción de Miroslava Guerra Frías a3a. edición3 aMéxicob : Manual Modernoc, 2010 axviii, 260 páginas aTraducido de la sexta edición en inglés: Publication Manual of the American Psychological Association aEstilo de redacción para las ciencias sociales y conductuales Estructura y contenido del manuscrito Cómo escribir con claridad y precisión Aspectos prácticos de estilo Visualización de resultados Citación de las fuentes Ejemplos de referencias El proceso de publicación14aPSICOLOGÍAxARTE DE ESCRIBIRxMANUALES24aCOMUNICACIÓN PSICOLÓGICA1 aGuerra Frías, Miroslavaetraducción